Théorie globale des connexions et des groupes d'holonomie /

Guardado en:
Autor Principal: Lichnerowicz, André, 1915-1998.
Formato: Libro
Idioma:French
Publicado: [Roma : Edizioni Cremonese, 1955?].
Series:Consiglio Nazionale delle Ricerche. Monografie matematiche ; 2
Etiquetas: Agregar Etiqueta
Sin Etiquetas, Sea el primero en etiquetar este registro!
LEADER 00743nam a22001815a 4500
001 MAT.inmabb000354
008 031211s1955####it############000#0#fre#d
005 20110301145233.0
245 1 0 |a Théorie globale des connexions et des groupes d'holonomie /  |c André Lichnerowicz. 
260 |a [Roma :  |b Edizioni Cremonese,  |c 1955?]. 
300 |a xv, 282 p. ;  |c 24 cm. 
440 0 |a Consiglio Nazionale delle Ricerche. Monografie matematiche ;  |v 2 
500 |a Etiqueta en la portada cubre el pie de imprenta con el texto "Paris : Dunod". 
100 1 |a Lichnerowicz, André,  |d 1915-1998. 
084 |a 53Cxx  |2 msc2000 
859 |h 53  |i L698  |p A-92  |b BIB. MATEMATICA 
859 |h 53  |i L698  |p A-803  |t Ej. 2  |b BIB. MATEMATICA 
859 |h 53  |i L698  |p A-2748  |t Ej. 3  |b BIB. MATEMATICA